[Event "Gibraltar Masters 16th"]
[Site "Caleta"]
[Date "2018.01.29"]
[Round "7"]
[White "Aronian, Levon"]
[Black "Short, Nigel D"]
[Result "1-0"]
[WhiteElo "2797"]
[BlackElo "2681"]
[Annotator "Krasenkow,M"]
[PlyCount "77"]
[EventDate "2018.01.23"]
[EventType "swiss"]
[EventRounds "10"]
[EventCountry "GGB"]
[SourceTitle "CBM 183"]
[Source "ChessBase"]
[SourceDate "2018.03.14"]
[SourceVersion "1"]
[SourceVersionDate "2018.03.14"]
[SourceQuality "1"]

1. c4 e5 2. Nc3 d6 3. Nf3 f5 4. g3 Nc6 {A risky move order.} 5. d4 ({After the
humble} 5. d3 Nf6 6. Bg2 {Black has a choice between} g6 ({and} 6... Be7)) 5...
e4 6. d5 (6. Ng5 h6 7. Nh3 g5 8. Bg2 (8. f3 exf3 9. exf3 Bg7 10. d5 Qe7+ 11.
Kf2 Ne5 12. f4 Ng4+ 13. Kg2 Bd7 14. Qe2 Bxc3 15. bxc3 Qxe2+ 16. Bxe2 gxf4 17.
Nxf4 {1-0 (50) Kortschnoj,V (2635)-Hodgson,J (2550) Groningen 1996 CBM 057 
[Ribli,Z]} N8f6 $11 {Z.Ribli}) 8... Bg7 9. d5 Ne5 10. O-O c6 11. f3 Nf6 12.
fxe4 fxe4 13. Nf2 O-O 14. dxc6 bxc6 15. Nfxe4 Nxe4 16. Rxf8+ Qxf8 17. Nxe4 Nxc4
$13 {0-1 (68) Dubov,D (2641)-Bartel,M (2638) Germany 2013}) 6... Ne5 (6... exf3
7. dxc6 bxc6 8. exf3 (8. e3 g6 9. Qxf3 Ne7 10. b3 Bg7 11. Bb2 O-O 12. Rd1 Qe8
13. Bg2 $14 f4 14. exf4 g5 15. O-O gxf4 16. Rfe1 Be5 {0-1 (43) Sorokin,M (2572)
-Vaulin,A (2540) Tula 2000} 17. Rxe5 $1 dxe5 18. Re1 $16) 8... Be7 9. Bg2 Bf6
10. O-O Ne7 11. f4 Bd7 12. c5 Qb8 13. Be3 Qxb2 14. Bd4 $16 {1-0 (23)
Mastrovasilis,A (2550)-Warakomski,T (2499) Krakow 2013}) 7. Nxe5 (7. Nd4 Nf6 (
7... h5 $6 {1/2 (43) Lautier,J (2645)-Short,N (2645) Dortmund 1995 CBM 048 
[Von Gleich,A]} 8. Bh3 g6 9. Qb3 h4 10. Bf4 $36 {A.Von Gleich}) 8. Bh3 (8. f3
Be7 9. fxe4 Nxe4 10. Nxe4 fxe4 11. Bg2 O-O 12. Bxe4 c6 13. Qb3 Qc7 14. Qc3 Qb6
15. Be3 c5 16. Ne6 Bxe6 17. dxe6 Ng4 18. Bf4 g5 19. Bd2 Nf2 20. Bb1 $1 Qc6 21.
Rg1 $16 {1-0 (25) Shaked,T (2490)-Hodgson,J (2575) Kona 1998}) 8... g6 9. f3
exf3 10. exf3 Bg7 11. f4 Neg4 12. O-O O-O 13. Bg2 Re8 14. h3 Ne3 15. Bxe3 Rxe3
$13 {0-1 (40) Izoria,Z (2610)-Short,N (2642) Dresden 2008}) 7... dxe5 8. g4 $5
(8. Bg2 Nf6 9. O-O {[%cal Yb2b4]} a5 $13 {N.Short}) 8... Bc5 {An attempt at
improvement on the following game:} (8... g6 9. gxf5 gxf5 10. Rg1 {[%cal Gg1g8]
} Nf6 11. Bg5 Be7 12. e3 Rg8 13. Rg3 Rg6 14. Be2 Qd6 15. Bh5 $16 {1-0 (27)
Aronian,L (2793)-Ivanchuk,V (2738) Leuven 2017}) 9. Qb3 Nf6 10. Qb5+ (10. Na4
$5 Be7 11. gxf5 Bxf5 12. Bh3 $14) 10... Nd7 11. h4 (11. gxf5 Qh4 12. Nd1 O-O
$132) 11... a6 12. Qb3 e3 13. Bxe3 Bxe3 14. fxe3 fxg4 15. Ne4 {[%csl Ge4][%mdl
32]} Nf6 16. Bg2 O-O $6 (16... Qe7 $5 17. O-O-O O-O (17... Nxe4 18. Bxe4 O-O
19. Qc2 h6 20. c5) 18. c5 Nxe4 19. d6+ Qe6 20. Qxe6+ Bxe6 21. Bxe4 $14) 17. c5
$16 {White's pawn centre is more important than Black's passed g4-pawn.} Kh8 (
17... Nxd5 $2 18. Nc3 c6 19. e4) 18. O-O-O Bf5 $6 {This bishop comes under
attack.} (18... a5 {[%cal Ya5a4] was probably the only way to create some
counterplay.}) 19. Ng3 Bg6 20. h5 Nxh5 {This piece sacrifice proves to be
insufficient but} (20... Bf7 21. h6 {is poor enough.}) 21. Nxh5 Rf2 22. Bf1 Qf8
23. Ng3 Qxc5+ 24. Qc3 Qe7 (24... Qxc3+ 25. bxc3 Raf8 26. Rh4 $1 Bf5 27. Kd2 $1
Bc8 28. Rh1 g6 29. Ne4 R2f7 30. Ng5 Re7 31. Bg2 $16) (24... Qd6 25. e4 Raf8 26.
Kb1 $16) 25. e4 Qg5+ 26. Kb1 Qf4 27. Ka1 Rf8 28. Rg1 Rf7 29. e3 Qg5 30. Bc4 Rd7
31. Qb4 b5 32. Nf5 h5 33. Qe1 Rf3 34. Be2 Rh3 35. Bf1 Bxf5 (35... Rf3 36. Bg2)
36. Bxh3 Bxe4 37. Bg2 Bxg2 38. Rxg2 h4 39. Qb4 1-0

[Event "Horgen CS"]
[Site "Horgen"]
[Date "1994.??.??"]
[Round "4"]
[White "Lautier, Joel"]
[Black "Nikolic, Predrag"]
[Result "1-0"]
[WhiteElo "2645"]
[BlackElo "2655"]
[Annotator "Lautier,J"]
[PlyCount "97"]
[EventDate "1994.09.??"]
[EventType "tourn"]
[EventRounds "11"]
[EventCountry "SUI"]
[EventCategory "16"]
[SourceTitle "CBM 043"]
[Source "ChessBase"]
[SourceDate "1994.12.01"]
[SourceVersion "1"]
[SourceVersionDate "1994.12.01"]
[SourceQuality "1"]

1. c4 e5 2. Nc3 Nc6 3. Nf3 f5 4. d4 e4 5. Ng5 Nf6 6. e3 h6 7. Nh3 g5 8. f3 $5
exf3 9. Qxf3 $1 d6 (9... Qe7 $2 10. Nd5 $1 (10. Qxf5 $6 Nxd4 11. Qg6+ Kd8 $36 {
/\ Nc6-e5}) 10... Nxd5 11. cxd5 Nb4 (11... Qb4+ $2 12. Bd2 Qxb2 13. Rd1 (13.
Rc1 $2 Bb4 $1) 13... Ne7 (13... Nb4 14. Qh5+ Kd8 15. Nxg5 $18) 14. Qh5+ Kd8 15.
Nxg5 $18) (11... Nxd4 12. Qh5+ Kd8 13. Kd1 $1 $16) 12. Qxf5 $16) (9... g4 $6
10. Qxf5 gxh3 11. Qg6+ Ke7 12. Nd5+ Nxd5 13. cxd5 Qe8 (13... Nb4 $2 14. d6+
cxd6 15. Qe4+ Kf7 (15... Kf6 16. Qh4+ $18) 16. Bc4+ Kg7 (16... d5 17. O-O+ Kg7
(17... Kg8 18. Bxd5+ Nxd5 19. Qxd5+ Kh7 20. Qf5+ $18) 18. Qe5+ Kh7 19. Qf5+ $18
) 17. O-O $18) 14. Qxe8+ Kxe8 15. dxc6 dxc6 (15... hxg2 $2 16. cxd7+ Bxd7 17.
Bxg2 $18) 16. e4 (16. gxh3 Bf5 17. Bg2 Rg8 18. Bf3 $14) 16... hxg2 17. Bxg2 Rg8
18. Bf3 $14) 10. Nf2 Qe7 $1 (10... Bg7 11. Bd3 Ne7 (11... O-O $6 12. Bxf5 $16)
12. O-O O-O 13. Nh1 $1 $14) 11. Nd5 $8 Nxd5 12. cxd5 Nb4 (12... Nxd4 $2 13.
Qh5+ Kd8 14. Kd1 $1 $16) 13. Bb5+ Kd8 $1 (13... Bd7 14. Bxd7+ (14. Qh5+ $6 Kd8
15. Bxd7 Qxd7 (15... Kxd7 16. Qe2 $1 $16) 16. O-O Bg7 $1 $15 (16... Nxd5 $2 17.
e4 fxe4 18. Bxg5+ $16)) 14... Qxd7 15. O-O O-O-O (15... g4 $2 16. Qe2 {/\ Qc4}
Nxd5 17. e4 $1 Ne7 (17... fxe4 18. Qxe4+ Ne7 19. Qxb7 $16) 18. exf5 $16) 16.
Nd1 Nc2 17. Rb1 f4 18. exf4 Bg7 19. Qd3 Nxd4 20. Nc3 Rde8 21. Be3 $14 {
Polugaevsky-Tseshkovsky, Kislovodsk 1972}) 14. O-O g4 15. Qe2 Nxd5 16. Nh1 Bg7
17. Bc4 $5 (17. Ng3 f4 (17... Rf8 $5 18. Bc4 Nb6 19. Bd3 {-> 17.Bc4}) 18. Nh5
fxe3 (18... Nxe3 $2 19. Rxf4 $1 (19. Bxe3 $2 fxe3 20. Nxg7 Qxg7 21. Qxe3 Bd7
22. Bc4 Re8 23. Qd3 Re7 24. Rae1 Rxe1 25. Rxe1 c6 $15 {/\ d5}) 19... Nd5 20.
Re4 Qf7 (20... Bxd4+ 21. Rxd4 $18) 21. Nxg7 c6 (21... Qxg7 22. Re8+ $18) 22.
Ne6+ Bxe6 23. Rxe6 Kd7 24. Rxh6 Rxh6 25. Bxh6 cxb5 26. Qxg4+ $18) 19. Bc4 Be6 (
19... Nb6 $2 20. Rf7 $18) 20. Bxd5 Bxd5 21. Qxe3 Rg8 22. Qxe7+ Kxe7 23. Nxg7
Rxg7 24. Bxh6 Rg6 $10) 17... Nb6 18. Bd3 Rf8 19. Qf2 (19. Ng3 f4 20. Nh5 Nd5 $1
(20... f3 $2 21. gxf3 gxf3 22. Rxf3 $16) (20... fxe3 $2 21. Bxe3 (21. Nxg7
Rxf1+ 22. Qxf1 Qxg7 23. Bxe3 Nd5 24. Bf2 Be6 $15) (21. Rxf8+ Bxf8 22. Bxe3 Nd5
$15) 21... Nd5 22. Nxg7 Qxg7 (22... Rxf1+ 23. Rxf1 Qxg7 {-> 22...Qg7}) 23.
Rxf8+ Qxf8 24. Rf1 Qg7 25. Bc4 (25. Bf2 c6) 25... Be6 (25... Nxe3 26. Qxe3 $16)
26. Bf2 $1 $16 {/\} Kd7 27. Bxd5 Bxd5 28. Qb5+ $1 Bc6 29. Qf5+ $18) 21. Bc4 (
21. Nxg7 $6 Qxg7 22. exf4 (22. Bc4 f3 $15) 22... Bf5 $1 $15 (22... Qxd4+ $6 23.
Kh1 c6 (23... Bf5 24. Bxf5 Rxf5 25. Qxg4 $36) 24. f5 $36)) 21... Nb6 22. Bd3
$10 (22. Bb3 $2 Bxd4 $1 $17)) 19... c5 $1 20. dxc5 dxc5 21. Qc2 $8 (21. Ng3 $4
f4 22. Nh5 (22. exf4 Bd4 $19) 22... fxe3 $19) (21. Rd1 $2 Kc7 22. e4 fxe4 $1 (
22... Bd4 23. Bf4+ Kc6 24. Qxd4 cxd4 25. Rac1+ Kd7 (25... Nc4 26. Rxc4+ Kb6 27.
Rdc1 $40) 26. Rc7+ Ke8 27. Rxe7+ Kxe7 28. Bxh6 Rf7 $15) 23. Bf4+ Kc6 24. Bxe4+
Qxe4 25. Rd6+ Kb5 26. a4+ Nxa4 $19) 21... f4 22. exf4 Bd4+ 23. Nf2 Nd5 (23...
h5 24. Bd2 h4 25. Rae1 Qf7 26. Be3 $36) (23... Bd7 24. Kh1 $13 {/\ f5}) 24. Kh1
Nxf4 25. Bxf4 Rxf4 26. Ne4 Rxf1+ 27. Rxf1 Be6 28. b4 $1 Kc7 $1 (28... cxb4 $6
29. Qd2 $40) (28... Rc8 $6 29. bxc5 Bxc5 30. Qb2 $1 $40) 29. Nxc5 Bxc5 30. bxc5
Rf8 (30... Rd8 $5) 31. Re1 Qf6 {/\ Bd5} 32. c6 $5 b6 (32... bxc6 $2 33. Qc5 Bd5
34. Qxa7+ (34. Re7+ $2 Kd8) 34... Kd6 35. Bf5 $1 Qf7 (35... Rf7 $2 36. Qb8+ Rc7
37. Qb4+ c5 38. Qf4+ Kc6 39. Bd7+ $18) 36. Qa3+ c5 37. Qa6+ $16 {->}) 33. Qa4
a5 34. Qe4 Bxa2 35. Qxg4 Rf7 $2 $138 (35... Rd8 $1 36. Qg3+ Rd6 $13 {/\ Bd5})
36. Ba6 $3 $18 Qf5 (36... Kxc6 37. Qa4+ $18) (36... Qxc6 37. Qg3+ Kd7 38. Rd1+
Ke7 (38... Ke6 39. Qe3+ $18) 39. Qa3+ $18) (36... Qg5 37. Qc8+ Kd6 38. c7 $1
Rxc7 39. Qf8+ Kc6 (39... Re7 40. Qd8+ $18) 40. Qf3+ Kd6 (40... Bd5 41. Re6+ $18
) 41. Qa3+ $18) 37. Qg3+ Qf4 (37... Kxc6 38. Rc1+ $18) 38. Re7+ $1 Kxc6 (38...
Kd6 39. c7 Qxg3 40. c8=Q $3 $18) 39. Qc3+ Bc4 $8 40. Rxf7 Qxf7 41. Bxc4 Qf2 42.
Qf3+ Qxf3 43. gxf3 b5 44. Bf7 Kc5 45. Kg2 a4 46. f4 b4 47. f5 Kd4 48. Kf3 b3
49. Be6 $1 (49. Be6 $1 Kc3 (49... Ke5 50. Kg4 $18) 50. f6 a3 51. f7 a2 (51...
b2 52. Ba2 $18) 52. f8=Q a1=Q 53. Qf6+ $18) 1-0

[Event "ROM-chT"]
[Site "Eforie Nord"]
[Date "2000.12.19"]
[Round "2"]
[White "Marin, Mihail"]
[Black "Manolache, Marius"]
[Result "1-0"]
[WhiteElo "2569"]
[BlackElo "2418"]
[Annotator "Marin,M"]
[PlyCount "73"]
[EventDate "2000.12.18"]
[EventType "team"]
[EventRounds "5"]
[EventCountry "ROU"]
[SourceTitle "CBM 081"]
[Source "ChessBase"]
[SourceDate "2001.03.20"]
[SourceVersion "1"]
[SourceVersionDate "2001.03.20"]
[SourceQuality "1"]
[WhiteTeam "Bucharest RAT"]
[BlackTeam "Victoria Techirghiol"]
[WhiteTeamCountry "ROU"]
[BlackTeamCountry "ROU"]

1. c4 e5 2. Nc3 Nc6 3. Nf3 f5 4. d4 e4 5. Ng5 ({Some decades ago, Korchnoi
played} 5. Nd2 {. In the comments to the game he lost to Spassky (candidates,
1968) Korchnoi recommended}) (5. Ng1) ({or} 5. Bg5) 5... Nf6 6. e3 h6 (6... Bb4
7. Bd2) 7. Nh3 g5 {Apparently, black has an excellent position: the white
knight has consumed 3 moves in order to arrive on a passive position.} 8. Ng1
$1 {This apparently strange move (the knight returns to its initial position
after 4 moves!) underlines the vulnerability of the black pawns.} Bg7 9. h4 g4
10. Nge2 h5 ({Black could have fought for the f4 square with} 10... Nh5 {
and it doesn't look probable that black will ever have a chance to break the
position with f5-f4.} 11. g3 {shi este putzin probabil ca spargeri de tipul
f5-f4 sä fie încununate de succes.}) 11. b3 $6 ({ore natural seems} 11. Nf4 d6
12. d5 Ne5 13. Nb5 Bh6 14. Nd4 Bxf4 15. exf4 Ng6 16. Be3 O-O 17. Be2 {/\g3,
Kf1-g2, Qd2, Nc2, Bd4-c3, Ne3, Qd4, b4, +/-}) 11... Ne7 12. Nf4 d6 13. Be2 Kf7
14. Bb2 Ng6 15. Nxg6 Kxg6 16. Qc2 c6 17. g3 d5 $6 ({This move is helping white
to formulate a plan.} 17... a6 $142 {/\ b5}) 18. a4 Be6 19. a5 Rc8 (19... a6
20. Qd2 {/\Na4}) 20. a6 b6 21. O-O Nd7 22. cxd5 Bxd5 (22... cxd5 {><b5}) 23.
Ba3 Nf6 24. Bc4 $14 Bf8 $6 {Black needed this bishop to control the f4 square
in order to avoid Ne2-f4 (Bh6).} 25. Bxf8 Qxf8 26. Ne2 $16 Qd6 27. Nf4+ Kh6 28.
Rac1 Qd7 (28... b5 $6 29. Bxd5 Nxd5 30. Nxd5 cxd5 $2 (30... Qxd5 $142 $18) 31.
Qxc8 Rxc8 32. Rxc8 Qxa6 33. Rfc1 $18) 29. Qb2 Rhd8 (29... Bxc4 30. bxc4 {
and black will find it difficult to fight (after the doubling of the white
rooks on the d file) against d4-d5 or c4-c5 followed by d4-d5.}) (29... b5 30.
Bxd5 Nxd5 31. Nxd5 cxd5 32. Rc5 $16) 30. Rc2 b5 $138 31. Bxd5 (31. Be2 Bf7 {
/\Nd5}) 31... Nxd5 32. Nxd5 cxd5 (32... Qxd5 33. Rc5 $18 {/\Rfc1, Qc3, d5}) 33.
Rfc1 b4 (33... f4 $5) 34. Rc5 {(/\Qd2)} Rxc5 35. dxc5 Qc6 (35... d4 36. Rd1 $5
d3 37. Qf6+ Kh7 38. c6 $18) 36. Qe5 Rd7 $2 (36... Rf8 37. Rd1 Qxc5 38. Rxd5 $40
) 37. Qxf5 1-0

[Event "Bundesliga 9697"]
[Site "Germany"]
[Date "1997.??.??"]
[Round "?.4"]
[White "Blatny, Pavel"]
[Black "Movsziszian, Karen"]
[Result "0-1"]
[WhiteElo "2540"]
[BlackElo "2490"]
[Annotator "Mowsziszian,K"]
[PlyCount "90"]
[EventDate "1996.10.12"]
[EventType "team-tourn"]
[EventRounds "15"]
[EventCountry "GER"]
[SourceTitle "GER-chT"]
[Source "ChessBase"]
[SourceDate "1999.07.01"]
[SourceVersion "1"]
[SourceVersionDate "1999.07.01"]
[SourceQuality "1"]
[WhiteTeam "Werder Bremen"]
[BlackTeam "Hamburger SK"]
[WhiteTeamCountry "GER"]
[BlackTeamCountry "GER"]

1. Nf3 g6 2. c4 Bg7 3. Nc3 d6 4. g3 e5 5. d4 exd4 6. Nxd4 Nc6 7. Nxc6 bxc6 8.
Bg2 Ne7 9. Qd3 (9. Bg5 f6 10. Bd2 Be6 11. c5 d5 12. e3 Rb8 13. b3 h5 14. Ne2 h4
15. Nd4 Bd7 16. g4 h3 17. Bf1 f5 18. Be2 fxg4 19. Bxg4 Nf5 20. Bc3 O-O 21. Bxf5
Bxf5 22. Qd2 Be4 23. Rg1 Qh4 {0-1 Eingorn,V-Malaniuk,V/USSR 33/33 1982 (50)}) (
9. h4 h6 10. Bf4 Be6 11. Qd3 Rb8 12. b3 O-O (12... d5 $2 {Azmaiparashvili,Z}
13. Rd1 dxc4 14. Qe3 Qc8 15. bxc4 $16) 13. Rd1 c5 14. Qd2 Kh7 $13 15. O-O Qc8
16. Kh2 Rb4 {/\ a5-a4} 17. Qc2 Bf5 18. Qc1 (18. e4 {Azmaiparashvili,Z} Be6 19.
Nb5 a6 20. a3 axb5 21. axb4 bxc4 $1 22. bxc4 cxb4 $15) 18... Bd7 $1 19. Rd3 (
19. Be4 Bc6 20. Bxc6 Nxc6 21. Nb5 a6 $1 (21... Nd4 $2 22. Nxd4 cxd4 23. c5 $1
$16) 22. Nxc7 Qxc7 23. Bxd6 Qa7 24. Bxf8 Bxf8 $15) 19... a5 {0-1 Uhlmann,
W-Azmaiparashvili,Z/Berlin 47/33 1989 (35)}) (9. Bd2 O-O 10. O-O Be6 11. b3 Qd7
12. Re1 $6 (12. Rc1 $1 {/\ Na4, Bc3}) 12... Bh3 13. Bh1 (13. Rc1 {>=}) 13...
Rae8 14. Rc1 f5 $40 15. e3 g5 16. Ne2 (16. f4 $5 gxf4 17. exf4 c5 $15 {><d4})
16... Ng6 {1-0 Smejkal,J-Hohelj,S/Neu Isenburg 52/32 1991 (32)}) 9... O-O 10.
O-O a5 {Gegen b3,Lb2} 11. Rb1 (11. b3 a4 $1 12. Bb2 (12. Rb1 axb3 13. axb3 {
Schwarz kontrolliert die a-Linie.}) (12. bxa4 {Die Bauernstruktur ist schwach.}
) 12... a3) 11... Ba6 12. Rd1 Qb8 $5 {Der Anfang eines geometrischen Manövers.}
13. e4 Qb4 {Verschlechtert die Position des Läufers.} 14. Bf1 Rad8 {Bereitet
d6-d5 vor.} 15. a3 Qb8 (15... Qb3 $2 16. Nd5 $1) 16. Qc2 f5 $1 17. Bg5 Rde8 18.
b4 $6 (18. Bxe7 Rxe7 19. exf5 Rxf5 {/\c5,Ld4,Lb7}) 18... axb4 19. axb4 fxe4 20.
g4 {Richtet sich gegen Sf5-d4.} (20. Nxe4 Nf5 {/\Sd4><f3}) 20... Qc8 21. h3 c5
$5 {Der Springer gelangt über c6 nach d4.} (21... h5 22. Be2 $13) 22. bxc5 Nc6
23. cxd6 Nd4 24. Qc1 cxd6 (24... Nf3+ 25. Kh1 Nxg5 $2 26. d7 $18) 25. Nd5 Bb7 (
25... h5 $5) 26. Be3 (26. Ne7+ Rxe7 27. Bxe7 e3 28. Qxe3 Rf3 (28... Nf3+ 29.
Kh1 Ne1+ 30. Rxb7 Qxb7+ 31. Rd5 $18) 29. Qxd4 $14) 26... Nf3+ 27. Kh1 h5 (27...
Kh8 $6) 28. gxh5 gxh5 (28... Rf5 29. hxg6 Rh5 30. Nf4 $8 Qg4 31. Bg2 $8) (28...
g5 $5 {/\g4} 29. Bxg5 $6 Rf5 30. Ne7+ Rxe7 31. Bxe7 Rxh5 $19) 29. c5 Re5 {
Schwarz will die Damen für seinen Angriff auf dem Brett behalten.} (29... dxc5
30. Qxc5 $14 (30. Bxc5 Qb8 $40 {><h2})) 30. Qc4 Kh8 31. cxd6 Bxd5 $8 32. Rxd5
Qf5 $1 33. Rbb5 $4 (33. Rxe5 $4 Qxe5 {nebst Dh2#}) (33. Rbd1 $1 Nh4 (33... Rg8
34. Bg2 Bf6 35. d7 Rxd5 36. Qxd5 (36. Rxd5 $4 Qxh3+ $3 37. Bxh3 Rg1#) 36...
Rxg2 37. Kxg2 Nh4+ 38. Kg1 Nf3+ 39. Kf1 Qxh3+ 40. Ke2) 34. d7 Bf6 (34... Qf3+
35. Kh2) 35. d8=Q Qf3+ 36. Kh2 Bxd8 37. Rxd8 $18) 33... Rg8 34. Bg2 Bf6 $19 {
Droht Dh3+ nebst Tg1#} 35. Qc1 Rxd5 36. Rxd5 Qxd5 37. Bd4 Kg7 38. Qc7+ Kg6 39.
Bxf3 exf3 40. Bxf6 Qf5 41. Kh2 Qf4+ 42. Kh1 Qxf6 43. d7 Kh6 44. Qc1+ Qg5 45.
Qc6+ Rg6 0-1

[Event "Rijeka Liburnija 1st"]
[Site "Rijeka"]
[Date "2005.04.19"]
[Round "9"]
[White "Saric, Ibro"]
[Black "Fercec, Nenad"]
[Result "1/2-1/2"]
[WhiteElo "2456"]
[BlackElo "2504"]
[Annotator "Mueller,Karsten"]
[PlyCount "119"]
[EventDate "2005.04.11"]
[EventType "tourn"]
[EventRounds "11"]
[EventCountry "CRO"]
[EventCategory "10"]
[SourceTitle "CBM 107"]
[Source "ChessBase"]
[SourceDate "2005.08.01"]
[SourceVersion "1"]
[SourceVersionDate "2005.08.01"]
[SourceQuality "1"]

1. c4 e5 2. Nc3 Bb4 3. Nf3 Nc6 4. d3 d6 5. Bd2 f5 6. a3 Bxc3 7. Bxc3 Nf6 8. e3
O-O 9. Be2 e4 10. Nd2 exd3 11. Bxd3 Ne5 12. Be2 f4 13. exf4 Ng6 14. O-O Nxf4
15. Bf3 Rb8 16. Re1 Bf5 17. Nf1 Qd7 18. Qd2 Ng6 19. Ne3 Be6 20. g3 c6 21. Rad1
Rbd8 22. Qe2 Bh3 23. Bb4 Qc7 24. Qc2 Ne5 25. Bg2 Bxg2 26. Kxg2 a5 27. Bc3 Nfg4
28. Nxg4 Nxg4 29. f4 Rde8 30. Qd3 Qb6 31. Qd4 Qxd4 32. Bxd4 c5 33. Bg1 Rxe1 34.
Rxe1 Kf7 35. a4 h5 36. Rd1 Ke6 37. Rd3 b6 38. Rb3 Rb8 39. Be3 Kd7 40. h3 Nh6
41. Bd2 Re8 42. Re3 Rxe3 43. Bxe3 Ke6 44. Kf3 d5 45. b3 Nf5 46. cxd5+ Kxd5 47.
Bf2 g6 48. g4 hxg4+ 49. hxg4 Nd4+ 50. Bxd4 cxd4 $1 {und die entfernte Mehrheit
nützt Weiß nichts. Nach} (50... Kxd4 $2 {liegen die Dinge anders:} 51. f5 gxf5
52. gxf5 Ke5 53. Kg4 Kf6 54. Kf4 Kf7 55. Ke5 Ke7 56. Kd5 $18) 51. f5 gxf5 52.
gxf5 Ke5 53. f6 Kxf6 54. Ke4 Ke6 55. Kxd4 Kd6 56. Kc4 Kc6 57. b4 axb4 58. Kxb4
Kb7 59. a5 bxa5+ 60. Kxa5 1/2-1/2

[Event "POL-chT 66th"]
[Site "Katowice"]
[Date "2010.09.04"]
[Round "1"]
[White "Gdanski, Jacek"]
[Black "Kolosowski, Mateusz"]
[Result "1-0"]
[WhiteElo "2542"]
[BlackElo "2342"]
[Annotator "RR"]
[PlyCount "133"]
[EventDate "2010.09.04"]
[EventType "team-tourn"]
[EventRounds "9"]
[EventCountry "POL"]
[SourceTitle "EXT 2016"]
[Source "ChessBase"]
[SourceDate "2015.10.08"]
[SourceVersion "1"]
[SourceVersionDate "2015.10.08"]
[SourceQuality "1"]
[WhiteTeam "Katowice Szopienice"]
[BlackTeam "Prokonex"]
[WhiteTeamCountry "POL"]
[BlackTeamCountry "POL"]

1. c4 e5 2. Nc3 d6 3. g3 f5 4. d4 Nc6 (4... Be7) 5. Nf3 Nf6 6. dxe5 Nxe5 7. Bg2
$146 (7. Nxe5 dxe5 8. Qxd8+ Kxd8 {Colle,E-Kostic,B Bardejov 1926 (1) 1/2}) 7...
c6 8. b3 g6 9. O-O Bg7 10. Ba3 Nf7 11. Qc2 O-O 12. Rad1 $32 Qe7 13. Rfe1 Ne4
14. Bb2 Re8 15. e3 g5 16. Nd2 Nf6 17. Ne2 f4 $5 18. gxf4 Bg4 19. f5 {[%cal
Gf2f3]} Nh6 20. Bxf6 Bxf6 21. Ne4 (21. e4 Bxe2 22. Rxe2 Nxf5 $36) 21... Nxf5
22. Qd3 Rad8 23. f3 Bh5 24. N2g3 $1 Bg6 25. Nxf6+ Qxf6 26. Nxf5 Bxf5 27. Qd4 (
27. e4) 27... Qxd4 28. Rxd4 Kf7 29. Kf2 Ke7 30. h4 $1 h6 31. Rh1 d5 32. Kg3
dxc4 33. Rxc4 Rd3 34. Rc5 Bc8 35. Re5+ Be6 (35... Kf7 $2 36. Rxe8 Kxe8 37. hxg5
hxg5 38. Rh8+ Kd7 39. Bh3+) 36. hxg5 hxg5 37. Rh6 $36 Kd6 38. Re4 (38. f4 gxf4+
39. Kxf4 Rf8+ 40. Ke4 Rxe3+) 38... g4 39. Bf1 $18 Rd5 40. Bc4 gxf3 41. Bxd5
cxd5 42. Rf4 Kc5 43. Kxf3 Bd7 44. Ke2 Bc6 45. Kd3 Rg8 46. Rh5 Rg3 47. a4 a5 48.
Rc4+ Kb6 49. Rf4 Kc5 50. Kd2 Rg2+ 51. Kc3 Rg3 52. Kd3 Be8 53. Re5 Bc6 54. Rff5
b5 (54... Kb4 $142 55. Kc2 Rg2+) 55. axb5 Bxb5+ 56. Kc3 Bc6 57. Rf6 Rg7 58.
Ree6 Bb5 59. Rf8 Bd7 60. Ra6 Rg3 61. Rxa5+ Kb6 62. Rxd5 Rxe3+ 63. Kd4 Re1 64.
Rf6+ Bc6 65. Rg5 Rc1 66. Rgg6 Kb5 67. Rxc6 1-0

[Event "Moscow Alekhine op"]
[Site "Moscow"]
[Date "1992.??.??"]
[Round "?"]
[White "Shneider, Aleksandr"]
[Black "Gurieli, Nino"]
[Result "1-0"]
[WhiteElo "2545"]
[BlackElo "2375"]
[Annotator "Ribli,Z"]
[PlyCount "88"]
[EventDate "1992.10.??"]
[EventType "swiss"]
[EventRounds "9"]
[EventCountry "RUS"]
[SourceTitle "CBM 033"]
[Source "ChessBase"]
[SourceDate "1993.04.01"]
[SourceVersion "1"]
[SourceVersionDate "1993.04.01"]
[SourceQuality "1"]

1. d4 d6 2. Nf3 g6 3. c4 Bg7 4. Nc3 e5 5. g3 exd4 (5... Nd7 $5) 6. Nxd4 Nc6 7.
Nxc6 bxc6 8. Bg2 Ne7 9. Bg5 $1 (9. h4 h6 10. Bf4 Be6 11. Qd3 Rb8 12. b3 O-O 13.
Rd1 c5 14. Qd2 Kh7 15. O-O Qc8 16. Kh2 Rb4 17. Qc2 Bf5 18. Qc1 Bd7 19. Rd3 a5
$13 {Uhlmann,W-Azmajparashvili Berlin 1989 47/33}) (9. Bd2 O-O 10. O-O Be6 11.
b3 Qd7 12. Re1 Bh3 13. Bh1 Rae8 14. Rc1 f5 15. e3 g5 $36 {Smejkal,J-Hohelj Neu
Isenburg 1991 52/32}) 9... O-O (9... f6 10. Bd2 Be6 11. c5 d5 12. e3 Rb8 13. b3
h5 14. Ne2 $14 {Eingorn-Malanjuk URS 1982 33/33}) 10. Rc1 h6 $6 (10... f6 11.
Bd2 $1 (11. Bxc6 $2 Nxc6 12. Qd5+ Kh8 13. Qxc6 Rb8 $19) 11... Be6 12. c5 $14)
11. Bxe7 Qxe7 12. Bxc6 Rb8 13. b3 Bh3 14. Nd5 $1 Qe5 15. Nf4 Bg4 16. Qd5 $1 (
16. O-O g5 17. Nd3 Qxe2 $13) 16... Qf6 (16... Qb2 17. Qd2 $16) 17. Qd2 g5 18.
Nd5 Qe5 19. Ne3 Bh3 20. Bg2 $1 $16 Bxg2 21. Nxg2 Rfe8 22. e3 a5 23. O-O a4 24.
Rb1 Qe4 25. f3 Qc6 26. e4 g4 27. Qf4 gxf3 28. Rxf3 Qxe4 29. Qxf7+ Kh8 30. Rbf1
axb3 31. axb3 Re7 (31... Rf8 $5) 32. Qf4 Qc2 (32... Qxf4 33. Nxf4 $18) 33. Ne3
$1 Qe4 (33... Qxb3 34. Nd5 $18) 34. Nd5 Qd4+ 35. Qxd4 Bxd4+ 36. Kh1 Rd7 37. Re1
c6 38. Ne7 Rb6 39. Re6 Bg7 40. Nf5 c5 41. Nxh6 Ra6 42. Rf7 Rxf7 43. Nxf7+ Kg8
44. Ng5 Kf8 1-0